Statystyki dla Kierowcy F1 2019

Kliknij tutaj aby rozwiązać quiz!

Ogólne statystyki

  • Ten quiz został rozwiązany 75 razy
  • Średni wynik to 20 z 22

Statystyki odpowiedzi

ZespółKierowca% Poprawnych
Mercedes AMG Petronas MotorsportLewis Hamilton
100%
Valtteri Bottas
98%
Scuderia FerrariSebastian Vettel
95%
Charles Leclerc
93%
Alfa Romeo RacingKimi Raikkonen
93%
Alexander Albon
91%
Alexander Albon
91%
McLaren F1 TeamCarlos Sainz
91%
Aston Martin Red Bull RacingMax Verstappen
91%
George Russell
90%
Lando Norris
90%
Pierre Gasly
90%
Pierre Gasly
90%
ROKiT Williams RacingRobert Kubica
90%
SportPesa Racing Point F1 TeamSergio Perez
90%
Renault F1 TeamDaniel Ricciardo
86%
Antonio Giovinazzi
84%
Kevin Magnussen
84%
Lance Stroll
84%
Haas F1 TeamRomain Grosjean
81%
Nico Hulkenberg
79%
Red Bull Toro Rosso HondaDaniil Kvyat
76%

Rozkład punktacji

Percentyl według liczby udzielonych odpowiedzi

Procent ludzi z każdym wynikiem

Twoja historia wyników

Nie rozwiązałeś tego quizu